000 00907nam a2200253 a 4500
001 782
003 BR-CuiBMT
005 20231117161135.0
008 231117s2008 spba 001 0 por d
020 _a9788522449729
040 _aBR-CuiBMT
_cBR-CuiBMT
080 _22007
_a657:336.1
090 _a657:336.1
_bC355c
_c2. ed.
100 1 _aCastro, Domingos Poubel de
245 1 0 _aContabilidade pública no governo federal :
_bguia para reformulação do ensino e implantação da lógica do SIAFI nos governos municipais e estaduais com utilização do Excel
_cDomingos Poubel de Castro , Leice Maria Garcia.
250 _a2. ed.
260 _aSão Paulo :
_bAtlas,
_c2008.
300 _a394 p. :
_bil. color. ;
_c24 cm
504 _aInclui bibliografia e índice.
650 _aContibilidade pública
_zBrasil
650 _aGoverno federal
_zBrasil
700 1 _aGarcia, Leice Maria
942 _2udc
_cLV
999 _c782
_d782